000 00204 a2200097 4500
020 _a9780789904577
041 _aspa
100 _aLahaye tim
245 _ael surgimiento del anticristo nicolas
942 _cBK
999 _c9206
_d9206